00626 2200241 4500001002100000005001700021006001900038008004100057020002200098035002500120090002000145100001800165245002500183260003800208700001900246990001700265990001700282990001700299990001700316990001700333990001700350990001700367INLIS00000000000838020140314113956.0a ||| | 180719| ||| |  a978-979-29-1529-7 a0010-081300000000017 a641.562.2 PRA a0 aRosalana Fiva00aMakan Pendamping ASI aYogyakartabC.V ANDI OFFSETc20100 aDwi Prabantini a8545/PN/2013 a8545/PN/2013 a8905/PN/2013 a8545/PN/2013 a8905/PN/2013 a8545/PN/2013 a8905/PN/2013